000 00808nam a22002657a 4500
003 dpl
005 20180531134008.0
008 180531b xxu||||| |||| 00| 0 eng d
010 _aB-093462
020 _c595.00
_a8170491533
035 _aB-093462, B093463
037 _bCen Lib/Ret
040 _aDPL
_bEN
_c0
082 _a365.0954
_bJAS
100 _aJaspal Singh
_94682
245 _aIndia's land forces :
_cby Jaspal Singh
_bstructure imperatives /
246 _b
260 _bManas publications
_c2003
_aNew Delhi
270 _bNew Delhi
_e110002
_a24, Ansari road daryaganj
300 _a265p.
_c20cm(Hb)
500 _aIncludes index
650 _aNational security
_934471
650 _aArmed Forces--Operational readiness
_915897
942 _2ddc
_cEN
_h365.0954
_mJAS
999 _c125893
_d125893